Under the northern lights. With illustrations by G.R. de Wilde
Gespeichert in:
| 1. Verfasser: | |
|---|---|
| Format: | Buch |
| Sprache: | Englisch |
| Veröffentlicht: |
Londres
Sampson Low, Marston, Searle
1876
|
| Ausgabe: | 1a. ed |
| Schlagworte: | |
| Tags: |
Tag hinzufügen
Keine Tags, Fügen Sie den ersten Tag hinzu!
|
MARC
| LEADER | 00000nam a2200000 a 4500 | ||
|---|---|---|---|
| 001 | UCJ5471 | ||
| 003 | CL-VaPUC | ||
| 008 | 070124e18760000UK |||||||||||||||||eng|d | ||
| 082 | 0 | 4 | |a 910.4 |b MAC |2 21 |
| 100 | |a MacGahan, Januarius Aloysius |e autor |9 510679 | ||
| 245 | 1 | 0 | |a Under the northern lights. With illustrations by G.R. de Wilde |
| 250 | |a 1a. ed | ||
| 300 | |a vi, 339 p | ||
| 942 | |c BK | ||
| 945 | |d 20070124 00:00:00 |a rinostro | ||
| 260 | |a Londres |b Sampson Low, Marston, Searle |c 1876 | ||
| 650 | 0 | |a Viajes |9 257115 | |
| 650 | 0 | |a Expediciones científicas |9 265222 | |
| 650 | 7 | |a ESQUIMALES |2 CL-VaPUC |9 441373 | |
| 650 | 0 | |a Literatura |9 259151 | |
| 650 | 0 | |a Correspondencia |9 258963 | |
| 650 | 7 | |a DOCUMENTOS |2 CL-VaPUC |9 366450 | |
| 650 | 0 | |a Ilustraciones |9 369481 | |
| 651 | 7 | |a REGION ARTICA |2 CL-VaPUC |9 366377 | |
| 583 | |a last modification |c 20070124 00:00:00 |k Rodrigo Vera | ||
| 999 | |c 321580 |d 321578 | ||
| 952 | |0 0 |1 0 |4 0 |6 910_400000000000000_MAC_1876 |7 0 |8 X |9 400357 |a FDOBUD |b FDOBUD |d 2019-11-22 |i 1035126 |o 910.4 MAC 1876 |p 1035126 |r 2019-11-22 |w 2019-11-22 |y BK_X |k BUD | ||